| 000 | 00808nam a22002297a 4500 | ||
|---|---|---|---|
| 003 | AR-RoIUNI | ||
| 005 | 20230905113450.0 | ||
| 008 | 230630s2017 ag |||| |||| 001 0 spa d | ||
| 020 | _a9789876292719 | ||
| 040 | _cIUNIR | ||
| 080 | _a159.9 - 23 | ||
| 100 | 1 |
_94 _aFreud, Sigmund, _d1856-1939. |
|
| 245 | 1 | 0 |
_aObras completas 23 / _cFreud Sigmund |
| 250 | _a2da. ed. | ||
| 260 |
_aBuenos Aires : _bBiblioteca nueva , _c2017 |
||
| 300 |
_a152 p. ; _c23 cm. |
||
| 490 |
_aObras completas de Sigmund Freud ; _v23 |
||
| 505 | 0 | _aEnsayos de este volumen: Nuevas lecciones introductorias al psicoanálisis -- El porqué de la guerra -- Carta sobre la posición frente al judaísmo -- Prólogo para un libro de Marie Bonaparte. | |
| 650 | 1 | 0 |
_9108 _aPSICOLOGÍA |
| 650 | 0 | 4 |
_aPSICOLOGÍA _9108 |
| 942 |
_2cdu _cBK |
||
| 999 |
_c5638 _d5638 |
||